<?xml version="1.0" encoding="UTF-8"?>
<collection xmlns="http://www.loc.gov/MARC21/slim">
 <record>
  <leader>00631pamaa2200181   4500</leader>
  <controlfield tag="001">0000025153</controlfield>
  <controlfield tag="005">20121123090000.0</controlfield>
  <controlfield tag="008">121204s1993                             eng  </controlfield>
  <datafield tag="020" ind1="0" ind2="0">
   <subfield code="a">0751509388 (pbk.) </subfield>
  </datafield>
  <datafield tag="090" ind1="0" ind2="0">
   <subfield code="a">U102 </subfield>
   <subfield code="b">TOF 1993</subfield>
  </datafield>
  <datafield tag="100" ind1="1" ind2="0">
   <subfield code="a">Toffler </subfield>
  </datafield>
  <datafield tag="245" ind1="1" ind2="0">
   <subfield code="a">War and anti-war : </subfield>
   <subfield code="b">survival at the dawn of the 21st century  </subfield>
   <subfield code="c">Alvin and Heidi Toffler..</subfield>
  </datafield>
  <datafield tag="250" ind1="0" ind2="0">
   <subfield code="a">1st ed.</subfield>
  </datafield>
  <datafield tag="260" ind1="0" ind2="0">
   <subfield code="a">Boston: </subfield>
   <subfield code="b">Little, Brown, </subfield>
   <subfield code="c">1993.</subfield>
  </datafield>
  <datafield tag="300" ind1=" " ind2=" ">
   <subfield code="a">xiii, 411 p.: </subfield>
   <subfield code="b">ill.; </subfield>
   <subfield code="c">18 cm..</subfield>
  </datafield>
  <datafield tag="504" ind1="0" ind2="0">
   <subfield code="a">Includes bibliographical references (p. [269]-283) and index</subfield>
  </datafield>
  <datafield tag="650" ind1="0" ind2="0">
   <subfield code="a">Military art and science -- </subfield>
   <subfield code="x">Economic aspects </subfield>
  </datafield>
  <datafield tag="700" ind1="1" ind2="1">
   <subfield code="a">Toffler, </subfield>
   <subfield code="h">Heidi </subfield>
  </datafield>
 </record>
</collection>
